|
|
|
|
| LEADER |
00000 a a2200000 04500 |
| 001 |
17247 |
| 003 |
cru CRAIS/IIS |
| 005 |
20211026114214.0 |
| 008 |
211026b |||||||| |||| 00| 0 spa d |
| 040 |
|
|
|c CRAIS/IIS
|
| 090 |
|
|
|a 18.01.01 CR8375s
|
| 110 |
|
|
|a Costa Rica. Ministerio de Trabajo y Seguridad Social. Dirección General de Planificación del Trabajo y el Empleo
|
| 245 |
|
|
|a Sistema de indicadores para políticas económicas con metas de empleo y redistribución de ingresos: versión preliminar/
|
| 260 |
|
|
|a San José:
|b MTSS
|
| 300 |
|
|
|a 18 p.
|
| 650 |
|
|
|a EMPLEO
|
| 650 |
|
|
|a REDISTRIBUCION DEL INGRESO
|
| 942 |
|
|
|2 ddc
|c LI
|h 18.01.01
|6 180101
|
| 999 |
|
|
|c 16374
|d 16374
|